Osem a pol násobok

Úspešné investície herca Ashtona Kutchera. Podpora zo strany manažéra speváčky Madonny, Guya Osearyho. Po tom, čo sa mu podarilo premeniť 30 miliónov dolárov na štvrť miliardy, siaha ešte vyššie - a píše jeden z najneobyčajnejších príbehov v moderných dejinách spravovania peňazí.

Salvato in:
Dettagli Bibliografici
Autore principale: O`Malley Greenburg, Zack
Natura: Capitolo di libro
Lingua:slovacco
Soggetti:
Tags: Aggiungi Tag
Nessun Tag, puoi essere il primo ad aggiungerne!!

MARC

LEADER 00000naa a2200000 4500
001 0219529
005 20231013091835.9
041 0 |a slo 
044 |a SK 
245 1 0 |a Osem a pol násobok  |c Zack O`Malley Greenburg 
520 |a Úspešné investície herca Ashtona Kutchera. Podpora zo strany manažéra speváčky Madonny, Guya Osearyho. Po tom, čo sa mu podarilo premeniť 30 miliónov dolárov na štvrť miliardy, siaha ešte vyššie - a píše jeden z najneobyčajnejších príbehov v moderných dejinách spravovania peňazí. 
610 2 0 |a investície 
610 2 0 |a investori 
610 2 0 |a kapitál 
610 2 0 |a technológie informačné 
610 2 0 |a technológie komunikačné 
610 2 0 |a umenie 
100 1 |a O`Malley Greenburg, Zack